书目信息 |
| 题名: |
中国音乐书谱志
|
|
| 作者: | ;中国艺术研究院音乐研究所资料室 | |
| 分册: | ||
| 出版信息: | 北京 人民音乐出版社 1994 |
|
| 页数: | 219 | |
| 开本: | 20cm | |
| 丛书名: | ||
| 单 册: | ||
| 中图分类: | J6 | |
| 科图分类: | ||
| 主题词: | 音乐 | |
| 电子资源: | ||
| ISBN: | 7-103-01139-7 | |
| 000 | 00773nam0 2200193 450 | |
| 001 | 0758474734 | |
| 005 | 20070817161434.73 | |
| 010 | @a7-103-01139-7@b精装@dCNY 42.20 | |
| 100 | @a20070817d km y0chiy0120 ea | |
| 101 | 0 | @achi |
| 200 | 1 | @a中国音乐书谱志@Azhong guo yin yue shu pu zhi@e先秦—一九四九年音乐书谱全目@f中国艺术研究院音乐研究所资料室@Fzhong guo yi shu yan jiu yuan yin yue yan jiu suo zi liao shi |
| 210 | @a北京@c人民音乐出版社@d1994 | |
| 215 | @a219@d20cm | |
| 517 | 1 | @a先秦—一九四九年音乐书谱全目@Axian qin—yi jiu si jiu nian yin yue shu pu quan mu |
| 606 | 0 | @a音乐 |
| 690 | @aJ6@v3 | |
| 711 | 02 | @a中国艺术研究院音乐研究所资料室@Azhong guo yi shu yan jiu yuan yin yue yan jiu suo zi liao shi |
| 801 | 0 | @aCN@bPFT@c20070817 |
| 905 | @a213230@dJ6@eY8@f1 | |
| 中国音乐书谱志:先秦—一九四九年音乐书谱全目/中国艺术研究院音乐研究所资料室.-北京:人民音乐出版社,1994 |
| 219;20cm |
| ISBN 7-103-01139-7(精装):CNY 42.20 |
| ● |
| 相关链接 |
|
|
|
|
正题名:中国音乐书谱志
索取号:J6/Y8
 
预约/预借
| 序号 | 登录号 | 条形码 | 馆藏地/架位号 | 状态 | 备注 |
| 1 | 7401134 | 274011348 | 密集书库-音乐系/ [索取号:J6/Y8] | 在馆 |